| 000 | 00410pab a2200169 454500 | ||
|---|---|---|---|
| 008 | 180718b2014 xxu||||| |||| 00| 0 eng d | ||
| 100 | _aLiebman, Benjamin L. | ||
| 245 | _aLegal reform: China's law-stability paradox | ||
| 260 | _c2014 | ||
| 300 | _ap.96-109. | ||
| 362 | _aSpring | ||
| 650 | _aLegal systems - China | ||
| 650 | _aLegal systems | ||
| 773 | _aDaedalus | ||
| 908 | _aN | ||
| 909 | _a104203 | ||
| 999 |
_c104199 _d104199 |
||